000 00492nam a2200193Ia 4500
005 20140403084428.0
008 140130s9999 xx 000 0 und d
020 _a0590554093
050 _aPZ 7
_b.P61464Tr 1999
100 _aPierce, Tamora
_919642
245 _cTamora Pierce.
_aCircle of magic :
_bTris's book /
260 _bScholastic,
_c1999.
_aUSA :
300 _a250 p. :
_c19 cm.
440 _v1
_931174
521 _aG5
526 _c790
942 _cBK
_2lcc
999 _c41117
_d41117